000 00522nam a2200181Ia 4500
008 090123s9999 xx 000 0 und d
082 _b8389
_a891.463/नंदा
100 _aनंदा गुलशन
245 _aबिनधास्त
250 _a1
260 _bदिलिप प्रकाशन
300 _a219
600 _aनंदा गुलशन
630 _aबिनधास्त
700 _aनंदा गुलशन
730 _aबिनधास्त
942 _cBOOK
999 _c46455
_d46455